000 00691nam a2200205Ii 4500
003 JO-AjNU
008 230605s9999||||xx |||||||||||||| ||und||
040 _aJO-AjNU
_bara
_erda
_cJO-AjNU
041 _aara
050 1 4 _aKMM49.Q26.1982
100 3 _aاعداد المكتب الفني بادارة طارق شفيق نبيل,
_eauthor
_947028
245 0 0 _aالقانون المدني الاردني
250 _a(د،ط)
264 3 1 _aعمان : نقابة المحامين ، 1982
300 _a243ص
336 _atext
_btxt
_2rdacontent
337 _aunmediated
_bn
_2rdamedia
338 _avolume
_bnc
_2rdacarrier
650 4 _aالقانون المدني -- الاردن
_947029
999 _aA20501
_c24069
_d24069